[Event "Monza Weekend op"]
[Site "Monza"]
[Date "2001.03.18"]
[Round "3"]
[White "Robbio, Pietro"]
[Black "Cammarota, Vittorio"]
[Result "1/2-1/2"]
[WhiteElo "1705"]
[BlackElo "1657"]
[PlyCount "107"]
[EventDate "2001.??.??"]
[EventType "swiss"]
[EventRounds "6"]
[EventCountry "ITA"]
[SourceTitle "EXT 2005"]
[Source "ChessBase"]
[SourceDate "2004.11.15"]
[SourceVersion "1"]
[SourceVersionDate "2004.11.15"]
[SourceQuality "1"]

1. e4 c5 2. Nf3 Nc6 3. d4 cxd4 4. Nxd4 Qb6 5. Nxc6 bxc6 6. Bd3 Nf6 7. 0-0 Qc7 8. f4 d6 9. Nd2 Rb8 10. Qe1 g6 11. Nf3 Bg7 12. e5 dxe5 13. Nxe5 0-0 14. Rb1 Nd5 15. a3 Bxe5 16. fxe5 Be6 17. Bh6 Qb6+ 18. Kh1 Rfd8 19. h4 Qd4 20. h5 gxh5 21. Bf5 Kh8 22. Bxe6 fxe6 23. c3 Qg4 24. Qf2 Qg6 25. Bd2 Rf8 26. Qe1 Rg8 27. Qe2 Rg7 28. c4 Nb6 29. Rbc1 Nd7 30. b4 Rbg8 31. Rf2 Qg3 32. Bc3 Rg4 33. Qf3 Rh4+ 34. Kg1 Qh2+ 35. Kf1 Qh1+ 36. Ke2 Qxc1 37. Qd3 Re4+ 38. Qxe4 Qxc3 39. Qxc6 Qxe5+ 40. Kf1 Nf6 41. Re2 Qf5+ 42. Qf3 Qb1+ 43. Re1 Qc2 44. c5 Rg5 45. Qe2 Rf5+ 46. Kg1 Qxe2 47. Rxe2 Nd5 48. Rxe6 Kg7 49. Ra6 h4 50. Rxa7 Kf6 51. c6 e5 52. c7 Nxc7 53. Rxc7 e4 54. Rc1 1/2-1/2